000 00643nam a2200217 i 4500
001 70825
003 ES-MaACL
005 20260210162435.0
007 t|
008 040803s1912 fr ||||1| fre d
100 1 _aGarola, C. V.
_955624
245 1 0 _aPrairies et plantes fourragères /
_cpar C.V. Garola ; introduction par P. Regnard.
250 _a3e éd.
260 _a[Corbeil :
_bs.n.,
_c1912] (
_fCrété)
300 _a567 p. ;
_c18 cm.
490 1 _aEncyclopédie agricole
700 1 _aRegnard, Paul (
_d1850-1927)
_9150831
830 0 _aEncyclopédie agricole
_9180885
852 _aES-MaACL
_jD-3734
999 _c70825
_d70825